[Event "BCF-chT2 2223 (4NCL)"]
[Site "England"]
[Date "2023.02.12"]
[Round "6.37"]
[White "Burrows, Nick"]
[Black "Navarro Cia, Miguel"]
[Result "0-1"]
[WhiteElo "2034"]
[BlackElo "2242"]
[PlyCount "98"]
[EventDate "2022.10.22"]
[EventType "team-tourn"]
[EventRounds "11"]
[EventCountry "ENG"]
[SourceTitle "EXT 2024"]
[Source "ChessBase"]
[SourceDate "2023.10.10"]
[SourceVersion "1"]
[SourceVersionDate "2023.10.10"]
[SourceQuality "1"]
[WhiteTeam "Schach Attack"]
[BlackTeam "Barbican"]
[WhiteTeamCountry "ENG"]
[BlackTeamCountry "ENG"]

1. b3 Nf6 2. Bb2 g6 3. Bxf6 exf6 4. c4 f5 5. Nc3 h5 6. e3 Bh6 7. g3 h4 8. Nf3 hxg3 9. hxg3 d6 10. Bg2 Nd7 11. Rc1 Nf6 12. d4 c6 13. b4 Qe7 14. c5 d5 15. Ne5 Ng4 16. Nxg4 fxg4 17. b5 Kf8 18. Rc2 Kg7 19. Re2 f5 20. a4 Qc7 21. Qa1 Qa5 22. 0-0 Bg5 23. Rb1 Bf6 24. Qa3 g5 25. Reb2 f4 26. bxc6 bxc6 27. Nxd5 f3 28. Nxf6 fxg2 29. Qd3 Kxf6 30. Qe4 Qc7 31. Qxg2 Bf5 32. Rb7 Rab8 33. Rxb8 Rxb8 34. Rxb8 Qxb8 35. Qxc6+ Kg7 36. Qb5 Qxb5 37. axb5 Be4 38. c6 Kf6 39. c7 Bb7 40. Kf1 Ke6 41. Ke2 Kd6 42. Kd3 Kxc7 43. Kc4 Kb6 44. d5 Bc8 45. e4 Bd7 46. d6 Bxb5+ 47. Kd5 a5 48. e5 a4 49. e6 a3 0-1

[Event "BCF-chT2 2223 (4NCL)"]
[Site "England"]
[Date "2023.02.11"]
[Round "5.37"]
[White "Navarro Cia, Miguel"]
[Black "Gibson, Christopher A"]
[Result "1/2-1/2"]
[WhiteElo "2242"]
[BlackElo "1846"]
[PlyCount "53"]
[EventDate "2022.10.22"]
[EventType "team-tourn"]
[EventRounds "11"]
[EventCountry "ENG"]
[SourceTitle "EXT 2024"]
[Source "ChessBase"]
[SourceDate "2023.10.10"]
[SourceVersion "1"]
[SourceVersionDate "2023.10.10"]
[SourceQuality "1"]
[WhiteTeam "Barbican"]
[BlackTeam "The Rookies"]
[WhiteTeamCountry "ENG"]
[BlackTeamCountry "ENG"]

1. e4 c5 2. Nf3 Nc6 3. d4 cxd4 4. Nxd4 Nf6 5. Nc3 e5 6. Ndb5 d6 7. Bg5 a6 8. Na3 b5 9. Bxf6 gxf6 10. Nd5 f5 11. g3 Bg7 12. Bg2 0-0 13. exf5 Bxf5 14. Ne3 Bd7 15. Qxd6 Qe8 16. Rd1 Rd8 17. 0-0 e4 18. Qf4 Bxb2 19. Bxe4 f5 20. Bd5+ Kh8 21. Nb1 Be5 22. Qh4 Bf6 23. Qh6 Bg7 24. Qf4 Be5 25. Qh4 Bf6 26. Qh6 Bg7 27. Qf4 1/2-1/2

[Event "BCF-chTb 1920 (4NCL)"]
[Site "Daventry"]
[Date "2020.03.01"]
[Round "2.83"]
[White "Ledger, Andrew"]
[Black "Navarro Cia, Miguel"]
[Result "1/2-1/2"]
[WhiteElo "2347"]
[BlackElo "2256"]
[PlyCount "41"]
[EventDate "2019.11.09"]
[EventType "team-tourn"]
[EventRounds "11"]
[EventCountry "ENG"]
[SourceTitle "CBM 195 Extra"]
[Source "ChessBase"]
[SourceDate "2020.05.31"]
[SourceVersion "1"]
[SourceVersionDate "2020.05.31"]
[SourceQuality "1"]
[WhiteTeam "Blackthorne Russia"]
[BlackTeam "Barbican II"]
[WhiteTeamCountry "ENG"]
[BlackTeamCountry "ENG"]

1. e4 Nf6 2. e5 Nd5 3. d4 d6 4. Nf3 g6 5. Bc4 Nb6 6. Bb3 Bg7 7. Ng5 e6 8. f4 dxe5 9. dxe5 Qxd1+ 10. Kxd1 Bd7 11. Nc3 Bc6 12. Nge4 N8d7 13. Ke2 Nd5 14. Nxd5 Bxd5 15. Bxd5 exd5 16. Ng5 0-0 17. Rd1 c6 18. Bd2 Rfe8 19. Kf1 f6 20. exf6 Bxf6 21. h4 1/2-1/2

[Event "BCF-chTb 1920 (4NCL)"]
[Site "Daventry"]
[Date "2020.01.12"]
[Round "4.52"]
[White "Erdos, Viktor"]
[Black "Navarro Cia, Miguel"]
[Result "1-0"]
[WhiteElo "2621"]
[BlackElo "2256"]
[PlyCount "141"]
[EventDate "2019.11.09"]
[EventType "team-tourn"]
[EventRounds "11"]
[EventCountry "ENG"]
[SourceTitle "CBM 194 Extra"]
[Source "ChessBase"]
[SourceDate "2020.03.31"]
[SourceVersion "1"]
[SourceVersionDate "2020.03.31"]
[SourceQuality "1"]
[WhiteTeam "Chess.com Manx Liberty"]
[BlackTeam "Barbican II"]
[WhiteTeamCountry "ENG"]
[BlackTeamCountry "ENG"]

1. d4 Nf6 2. c4 g6 3. g3 Bg7 4. Bg2 d5 5. Nf3 dxc4 6. Na3 0-0 7. 0-0 Nc6 8. Nxc4 Be6 9. b3 a5 10. a4 Qc8 11. Ba3 Rd8 12. Rc1 Bh3 13. e3 Bxg2 14. Kxg2 Qe6 15. Qc2 h6 16. Rfd1 Rac8 17. h3 Nd5 18. e4 Ndb4 19. Qe2 Nxd4 20. Nxd4 Rxd4 21. Rxd4 Bxd4 22. Nxa5 b6 23. Nc4 Nc6 24. Qg4 Qxg4 25. hxg4 e6 26. f4 b5 27. axb5 Na7 28. e5 Nxb5 29. Nd6 Nxd6 30. exd6 c6 31. Bb4 Bf6 32. Ba5 Kf8 33. d7 Ra8 34. b4 Bd8 35. Rxc6 Ke7 36. Rc8 Rxa5 37. bxa5 Bxa5 38. Rh8 Kxd7 39. Rxh6 Ke7 40. Kf3 Bc3 41. Rh1 Kf8 42. Rb1 g5 43. Rb3 Ba1 44. Rb5 Bf6 45. Ke4 Kg7 46. Rb7 Bc3 47. Rb3 Bf6 48. Rf3 Bb2 49. f5 Ba1 50. Kd3 Be5 51. fxe6 fxe6 52. Kc4 Bd6 53. Kb5 Kg6 54. Kc6 Bb4 55. Kd7 e5 56. Kc6 e4 57. Re3 Kf6 58. Kd5 Bd2 59. Rxe4 Bc3 60. Re3 Bd2 61. Rf3+ Kg6 62. Rf1 Bc3 63. Ke4 Bd2 64. Rb1 Bc3 65. Rb6+ Kf7 66. Kf5 Bd2 67. Rb7+ Kf8 68. Kf6 Ke8 69. Re7+ Kd8 70. Re2 Bc1 71. Re1 1-0

[Event "BCF-chT2 1819 (4NCL) Promotion"]
[Site "England"]
[Date "2019.05.05"]
[Round "10.23"]
[White "Walker, Martin Graham"]
[Black "Navarro Cia, Miguel"]
[Result "1/2-1/2"]
[WhiteElo "2166"]
[BlackElo "2255"]
[PlyCount "56"]
[EventDate "2018.11.10"]
[EventType "team-tourn"]
[EventRounds "11"]
[EventCountry "ENG"]
[SourceTitle "EXT 2021"]
[Source "ChessBase"]
[SourceDate "2020.10.23"]
[SourceVersion "1"]
[SourceVersionDate "2020.10.23"]
[SourceQuality "1"]
[WhiteTeam "Anglian Avengers"]
[BlackTeam "Barbican II"]
[WhiteTeamCountry "ENG"]
[BlackTeamCountry "ENG"]

1. e4 Nf6 2. e5 Nd5 3. d4 d6 4. c4 Nb6 5. f4 g6 6. Nc3 Bg7 7. Be3 Be6 8. b3 0-0 9. Nf3 c5 10. dxc5 N6d7 11. cxd6 exd6 12. Qxd6 Nxe5 13. Qxd8 Nxf3+ 14. gxf3 Rxd8 15. Rc1 Nc6 16. Kf2 Nb4 17. Be2 Bf5 18. Nd5 Nxd5 19. cxd5 Rxd5 20. Rc7 Bf6 21. Bc4 Bh4+ 22. Ke2 Rd7 23. Rxd7 Bxd7 24. Rd1 Bc6 25. a4 a6 26. Bd5 Bxd5 27. Rxd5 Rd8 28. Rxd8+ Bxd8 1/2-1/2

[Event "BCF-chT2 1819 (4NCL) Promotion"]
[Site "England"]
[Date "2019.05.04"]
[Round "9.33"]
[White "Navarro Cia, Miguel"]
[Black "Jamroz, Krzysztof"]
[Result "1-0"]
[WhiteElo "2255"]
[BlackElo "2117"]
[PlyCount "49"]
[EventDate "2018.11.10"]
[EventType "team-tourn"]
[EventRounds "11"]
[EventCountry "ENG"]
[SourceTitle "EXT 2021"]
[Source "ChessBase"]
[SourceDate "2020.10.23"]
[SourceVersion "1"]
[SourceVersionDate "2020.10.23"]
[SourceQuality "1"]
[WhiteTeam "Barbican II"]
[BlackTeam "KJCA Kings"]
[WhiteTeamCountry "ENG"]
[BlackTeamCountry "ENG"]

1. e4 c5 2. Nf3 e6 3. d4 cxd4 4. Nxd4 a6 5. c4 Nf6 6. Nc3 Bb4 7. Qc2 Nc6 8. Nxc6 dxc6 9. e5 Ng4 10. a3 Bxc3+ 11. Qxc3 0-0 12. h3 Qh4 13. g3 Qh5 14. Be2 f5 15. Be3 Rd8 16. Bb6 Rd7 17. Bf3 Qg6 18. hxg4 fxg4 19. Bg2 Rd3 20. Qc1 Rb3 21. Be3 Qd3 22. Qb1 Qxc4 23. Qxh7+ Kf8 24. Rc1 Qb5 25. Bc5+ 1-0

[Event "BCF-chT2b 1819 (4NCL)"]
[Site "England"]
[Date "2019.01.13"]
[Round "4.51"]
[White "Navarro Cia, Miguel"]
[Black "Graham, David Bruce"]
[Result "1-0"]
[WhiteElo "2243"]
[BlackElo "2191"]
[PlyCount "106"]
[EventDate "2018.11.10"]
[EventType "team-tourn"]
[EventRounds "11"]
[EventCountry "ENG"]
[SourceTitle "EXT 2021"]
[Source "ChessBase"]
[SourceDate "2020.10.23"]
[SourceVersion "1"]
[SourceVersionDate "2020.10.23"]
[SourceQuality "1"]
[WhiteTeam "Barbican II"]
[BlackTeam "Sussex Martlets"]
[WhiteTeamCountry "ENG"]
[BlackTeamCountry "ENG"]

1. e4 c5 2. Nf3 d6 3. d4 cxd4 4. Nxd4 Nf6 5. Nc3 g6 6. Be3 Bg7 7. f3 0-0 8. Qd2 Nc6 9. 0-0-0 d5 10. h4 dxe4 11. h5 e5 12. Nxc6 Qxd2+ 13. Rxd2 bxc6 14. h6 Bh8 15. Bc5 Re8 16. Nxe4 Nxe4 17. fxe4 Bf6 18. Be3 Be6 19. b3 a5 20. a4 Be7 21. Kb2 Bb4 22. Rd1 f6 23. Be2 Rab8 24. Rhf1 Be7 25. Bd2 c5 26. Bb5 Red8 27. Bxa5 Rd4 28. Rxd4 exd4 29. Bd2 c4 30. Bf4 Rb7 31. Rd1 Bc5 32. Ka2 g5 33. Bc1 cxb3+ 34. cxb3 Rb8 35. Ba3 Ba7 36. Kb2 Kf7 37. Rc1 Kg6 38. Bc5 Bxc5 39. Rxc5 Rd8 40. Bd3 Kxh6 41. Rc6 Bf7 42. Rxf6+ Kg7 43. Rf5 g4 44. Rg5+ Kf6 45. Rxg4 Rc8 46. Rf4+ Ke7 47. Bc2 Rg8 48. Rf2 Rg3 49. Rd2 Kf6 50. a5 Ke5 51. a6 Rg6 52. Rf2 Bxb3 53. Rf5+ Kd6 1-0

[Event "BCF-chT1a 1718 (4NCL)"]
[Site "England"]
[Date "2018.01.13"]
[Round "3.17"]
[White "Navarro Cia, Miguel"]
[Black "Hebden, Mark"]
[Result "0-1"]
[WhiteElo "2273"]
[BlackElo "2460"]
[PlyCount "66"]
[EventDate "2017.11.11"]
[EventType "team-swiss"]
[EventRounds "11"]
[EventCountry "ENG"]
[SourceTitle "EXT 2019"]
[Source "ChessBase"]
[SourceDate "2018.10.10"]
[SourceVersion "1"]
[SourceVersionDate "2018.10.10"]
[SourceQuality "1"]
[WhiteTeam "Barbican II"]
[BlackTeam "Guildford"]
[WhiteTeamCountry "ENG"]
[BlackTeamCountry "ENG"]

1. e4 e5 2. Nf3 Nc6 3. Bb5 a6 4. Bxc6 dxc6 5. 0-0 Bd6 6. d4 exd4 7. Qxd4 f6 8. c4 c5 9. Qd5 Ne7 10. Qh5+ Ng6 11. Nh4 Be6 12. Nxg6 Bf7 13. Qh4 Bxg6 14. Bf4 Bxf4 15. Qxf4 Qd4 16. Nc3 0-0 17. Rad1 Qxc4 18. Qxc7 b5 19. f3 Bf7 20. Qa5 b4 21. Nd5 Qb5 22. Qc7 Bxd5 23. Rxd5 Rac8 24. Qd6 Qa5 25. Qe6+ Kh8 26. Rfd1 Qxa2 27. Qe7 h6 28. Rxc5 Rce8 29. Qa7 Ra8 30. Qb7 Qxb2 31. Rc7 Rad8 32. Rxd8 Rxd8 33. h3 Rd1+ 0-1

[Event "BCF-chT1d 1617 (4NCL) Demotion pool"]
[Site "England"]
[Date "2017.04.29"]
[Round "9.77"]
[White "James, David J"]
[Black "Navarro Cia, Miguel"]
[Result "1/2-1/2"]
[WhiteElo "2134"]
[BlackElo "2266"]
[PlyCount "30"]
[EventDate "2016.11.19"]
[EventType "team-tourn"]
[EventRounds "4"]
[EventCountry "ENG"]
[SourceTitle "EXT 2018"]
[Source "ChessBase"]
[SourceDate "2017.10.13"]
[SourceVersion "1"]
[SourceVersionDate "2017.10.13"]
[SourceQuality "1"]
[WhiteTeam "South Wales Dragons"]
[BlackTeam "Barbican II"]
[WhiteTeamCountry "ENG"]
[BlackTeamCountry "ENG"]

1. d4 f5 2. Nf3 Nf6 3. g3 g6 4. Bg2 Bg7 5. 0-0 0-0 6. c4 d6 7. Nc3 Nc6 8. b3 e5 9. dxe5 dxe5 10. Ba3 Re8 11. Qxd8 Rxd8 12. Rad1 Rxd1 13. Rxd1 e4 14. Ne1 Be6 15. Nc2 a6 1/2-1/2

[Event "BCF-chT1c 1516 (4NCL) Promotion pool"]
[Site "England"]
[Date "2016.03.20"]
[Round "8.136"]
[White "Navarro Cia, Miguel"]
[Black "Taylor, Martin R"]
[Result "1/2-1/2"]
[WhiteElo "2276"]
[BlackElo "2325"]
[PlyCount "136"]
[EventDate "2015.11.14"]
[EventType "team-tourn"]
[EventRounds "4"]
[EventCountry "ENG"]
[SourceTitle "CBM 171 Extra"]
[Source "ChessBase"]
[SourceDate "2016.04.26"]
[SourceVersion "1"]
[SourceVersionDate "2016.04.26"]
[SourceQuality "1"]
[WhiteTeam "Barbican II"]
[BlackTeam "Barbican"]
[WhiteTeamCountry "ENG"]
[BlackTeamCountry "ENG"]

1. e4 e5 2. Nf3 Nc6 3. d4 exd4 4. Nxd4 Nf6 5. Nxc6 bxc6 6. e5 Qe7 7. Qe2 Nd5 8. c4 Nb6 9. Nc3 a5 10. f4 Qe6 11. Qe4 d5 12. exd6 Bxd6 13. Bd3 f5 14. Qe2 0-0 15. 0-0 Bc5+ 16. Kh1 Qxe2 17. Bxe2 Be6 18. b3 a4 19. Rb1 axb3 20. axb3 Rab8 21. Bf3 Bd4 22. Ne2 Bf6 23. Be3 Rfd8 24. Rfd1 Rxd1+ 25. Rxd1 Nc8 26. Rd3 Ne7 27. Kg1 Ra8 28. Bc5 Ra5 29. Bb4 Ra6 30. Kf2 Kf7 31. Ke3 Ng6 32. Bh5 Be7 33. Bxg6+ hxg6 34. Bxe7 Kxe7 35. Nd4 Bd7 36. Nf3 Ra2 37. Ne5 Be8 38. Rd2 Ra3 39. Rb2 c5 40. h4 Kd6 41. Rd2+ Ke7 42. Rd3 Ra2 43. Kf3 Rb2 44. Kg3 Re2 45. Kf3 Rb2 46. Re3 Kf8 47. Kg3 Rb1 48. Kh2 Rb2 49. Rg3 Kg8 50. Rd3 Kf8 51. Rd8 Rxb3 52. Nxg6+ Kf7 53. Ne5+ Ke7 54. Rd5 c6 55. Rxc5 Ra3 56. Nf3 Bd7 57. Re5+ Kf6 58. Rc5 Ke7 59. Ne5 Be8 60. Nxc6+ Kd6 61. Ra5 Rxa5 62. Nxa5 Kc5 63. Kg3 g6 64. Kf3 Kb4 65. g4 fxg4+ 66. Kxg4 Kxa5 67. Kg5 Kb4 68. f5 gxf5 1/2-1/2

[Event "BCF-chT1b 1415 (4NCL)"]
[Site "England"]
[Date "2015.02.14"]
[Round "5.166"]
[White "Navarro Cia, Miguel"]
[Black "Eggleston, David"]
[Result "1/2-1/2"]
[WhiteElo "2270"]
[BlackElo "2424"]
[PlyCount "92"]
[EventDate "2014.11.15"]
[EventType "team-swiss"]
[EventRounds "11"]
[EventCountry "ENG"]
[SourceTitle "EXT 2016"]
[Source "ChessBase"]
[SourceDate "2015.10.08"]
[SourceVersion "1"]
[SourceVersionDate "2015.10.08"]
[SourceQuality "1"]
[WhiteTeam "Barbican II"]
[BlackTeam "Cheddleton"]
[WhiteTeamCountry "ENG"]
[BlackTeamCountry "ENG"]

1. e4 c5 2. Nf3 d6 3. d4 Nf6 4. Nc3 cxd4 5. Nxd4 a6 6. Be3 e5 7. Nb3 Be6 8. f3 h5 9. a4 Nbd7 10. Qd2 Rc8 11. Be2 Be7 12. 0-0 h4 13. a5 Nh5 14. Nd5 Bxd5 15. Qxd5 Bg5 16. Bf2 Nf4 17. Qd1 Nf6 18. Bb6 Qd7 19. c3 N6h5 20. Bf2 Ng3 21. Nc1 Nfxe2+ 22. Nxe2 Nxf1 23. Kxf1 h3 24. g4 Qe6 25. b3 g6 26. c4 Bh4 27. Bxh4 Rxh4 28. Ng3 Kf8 29. Qd2 Qf6 30. Ke2 Rh8 31. Rd1 Rc6 32. Qb4 Qe7 33. Nf1 f5 34. Ne3 fxe4 35. fxe4 Kg7 36. Rf1 Qd7 37. Kd3 Rcc8 38. g5 Rhf8 39. Qe1 Rxf1 40. Qxf1 Rf8 41. Qe1 Qd8 42. Qg3 Rh8 43. Nd5 Qxa5 44. Qf3 Qd8 45. Nf6 Qc8 46. Nh5+ Rxh5 1/2-1/2

[Event "BCF-chT1b 1415 (4NCL)"]
[Site "England"]
[Date "2015.01.10"]
[Round "3.155"]
[White "Pert, Nicholas"]
[Black "Navarro Cia, Miguel"]
[Result "1-0"]
[WhiteElo "2562"]
[BlackElo "2281"]
[PlyCount "45"]
[EventDate "2014.11.15"]
[EventType "team-swiss"]
[EventRounds "11"]
[EventCountry "ENG"]
[SourceTitle "EXT 2016"]
[Source "ChessBase"]
[SourceDate "2015.10.08"]
[SourceVersion "1"]
[SourceVersionDate "2015.10.08"]
[SourceQuality "1"]
[WhiteTeam "Guildford"]
[BlackTeam "Barbican II"]
[WhiteTeamCountry "ENG"]
[BlackTeamCountry "ENG"]

1. d4 Nf6 2. Nf3 g6 3. c4 Bg7 4. g3 d5 5. cxd5 Nxd5 6. Bg2 Nb6 7. Nc3 Nc6 8. e3 0-0 9. 0-0 Re8 10. Nh4 e5 11. d5 Na5 12. Rb1 e4 13. Nxe4 Nxd5 14. Qa4 b6 15. Rd1 Bd7 16. Qc2 Nb4 17. Qe2 Bb5 18. Rxd8 Bxe2 19. Rxa8 Rxa8 20. Bd2 Nd5 21. Re1 Bd3 22. Bxa5 bxa5 23. Nc5 1-0

[Event "BCF-chT2b 1314 (4NCL)"]
[Site "England"]
[Date "2014.01.11"]
[Round "3.51"]
[White "Cooper, John Grantley"]
[Black "Navarro Cia, Miguel"]
[Result "1/2-1/2"]
[WhiteElo "2334"]
[BlackElo "2288"]
[PlyCount "50"]
[EventDate "2013.11.16"]
[EventType "team-swiss"]
[EventRounds "11"]
[EventCountry "ENG"]
[SourceTitle "EXT 2015"]
[Source "ChessBase"]
[SourceDate "2014.11.20"]
[SourceVersion "1"]
[SourceVersionDate "2014.11.20"]
[SourceQuality "1"]
[WhiteTeam "South Wales Dragons"]
[BlackTeam "Barbican Youth"]
[WhiteTeamCountry "ENG"]
[BlackTeamCountry "ENG"]

1. Nf3 Nf6 2. g3 g6 3. Bg2 Bg7 4. c4 d5 5. 0-0 0-0 6. cxd5 Nxd5 7. d4 Nb6 8. Nc3 Nc6 9. d5 Na5 10. e4 c6 11. Bg5 h6 12. Bf4 Nac4 13. Qe2 cxd5 14. exd5 Bg4 15. Rac1 Rc8 16. b3 Nd6 17. Be5 Nd7 18. Bxg7 Kxg7 19. Qe3 a6 20. Nd4 Nf6 21. Na4 Re8 22. Qe5 Qa5 23. h3 Bd7 24. Rxc8 Nxc8 25. Nc3 Nd6 1/2-1/2

[Event "London Classic op-B 5th"]
[Site "London"]
[Date "2013.12.14"]
[Round "3"]
[White "Navarro Cia, Miguel"]
[Black "Jones, Steven"]
[Result "1/2-1/2"]
[WhiteElo "2316"]
[BlackElo "2049"]
[PlyCount "66"]
[EventDate "2013.12.13"]
[EventType "swiss"]
[EventRounds "5"]
[EventCountry "ENG"]
[SourceTitle "EXT 2016"]
[Source "ChessBase"]
[SourceDate "2015.10.08"]
[SourceVersion "1"]
[SourceVersionDate "2015.10.08"]
[SourceQuality "1"]

1. d4 Nf6 2. c4 e6 3. g3 Bb4+ 4. Bd2 Qe7 5. Nf3 Nc6 6. Nc3 0-0 7. Bg2 Bxc3 8. Bxc3 Ne4 9. Rc1 d6 10. d5 Nxc3 11. Rxc3 Nb8 12. dxe6 fxe6 13. Nd4 e5 14. Nc2 Nc6 15. b4 Qf7 16. 0-0 Be6 17. b5 Ne7 18. Ne3 Rab8 19. Qd3 Kh8 20. Ra3 Nc8 21. f4 exf4 22. Rxf4 Qe7 23. Nd5 Bxd5 24. cxd5 Rxf4 25. gxf4 Nb6 26. e3 Nd7 27. Rxa7 Nc5 28. Qa3 Qe8 29. e4 Qxb5 30. Ra8 Rg8 31. e5 Qb1+ 32. Bf1 Qg6+ 33. Bg2 Qb1+ 1/2-1/2

[Event "London Imperial College op"]
[Site "London"]
[Date "2013.02.02"]
[Round "2"]
[White "Navarro Cia, Miguel"]
[Black "Duncan, Patrick"]
[Result "1-0"]
[WhiteElo "2306"]
[BlackElo "2078"]
[PlyCount "125"]
[EventDate "2013.02.01"]
[EventType "swiss"]
[EventRounds "5"]
[EventCountry "ENG"]
[SourceTitle "CBM 153 Extra"]
[Source "ChessBase"]
[SourceDate "2013.04.22"]
[SourceVersion "1"]
[SourceVersionDate "2013.04.22"]
[SourceQuality "1"]

1. d4 Nf6 2. c4 e6 3. g3 Bb4+ 4. Bd2 Qe7 5. Nf3 Nc6 6. Nc3 Bxc3 7. Bxc3 Ne4 8. Rc1 0-0 9. Bg2 d6 10. 0-0 Nxc3 11. Rxc3 e5 12. d5 Nb8 13. Nd2 b6 14. b4 Bg4 15. c5 bxc5 16. bxc5 Nd7 17. c6 Nc5 18. Nb3 Nxb3 19. Rxb3 f5 20. f3 Bh5 21. Qd2 f4 22. g4 Bg6 23. Rb7 h5 24. h3 Rf7 25. e4 fxe3 26. Qxe3 hxg4 27. hxg4 a6 28. Rf2 Qh4 29. Rfb2 Raf8 30. Rb8 Qg3 31. Rxf8+ Rxf8 32. Qf2 Qf4 33. Qd2 Qxd2 34. Rxd2 Rb8 35. Bf1 Rb1 36. Kf2 a5 37. Bc4 Kf7 38. Ke3 Kf6 39. Bb3 Kg5 40. Rh2 Re1+ 41. Kd2 Rb1 42. Rh8 a4 43. Bxa4 Rb2+ 44. Kc3 Rxa2 45. Bb3 Ra7 46. Rg8 Kf6 47. Rb8 Bf7 48. Rb7 Ra3 49. Kb2 Ra5 50. Rxc7 Bxd5 51. Bxd5 Rxd5 52. Rd7 Ke6 53. Rxg7 Rc5 54. c7 d5 55. Kb3 d4 56. Kb4 Kd6 57. g5 Rc1 58. g6 Ke6 59. Rh7 d3 60. g7 Kf7 61. Rh8 Kxg7 62. c8Q d2 63. Qf8+ 1-0

[Event "London Imperial College op"]
[Site "London"]
[Date "2013.02.01"]
[Round "1"]
[White "Kennedy, Craig"]
[Black "Navarro Cia, Miguel"]
[Result "0-1"]
[WhiteElo "1946"]
[BlackElo "2306"]
[PlyCount "84"]
[EventDate "2013.02.01"]
[EventType "swiss"]
[EventRounds "5"]
[EventCountry "ENG"]
[SourceTitle "CBM 153 Extra"]
[Source "ChessBase"]
[SourceDate "2013.04.22"]
[SourceVersion "1"]
[SourceVersionDate "2013.04.22"]
[SourceQuality "1"]

1. e4 Nf6 2. d3 d5 3. e5 Nfd7 4. f4 c5 5. Nf3 Nc6 6. Be2 e6 7. 0-0 Be7 8. Be3 b6 9. c3 Bb7 10. d4 Qc7 11. Nbd2 f6 12. Rc1 0-0 13. Kh1 Rac8 14. Qe1 Kh8 15. Qg3 Ndb8 16. Qh3 Qd7 17. Nh4 Kg8 18. Bd3 f5 19. g4 Ba6 20. Bxa6 Nxa6 21. Rg1 Bxh4 22. Qxh4 Ne7 23. g5 g6 24. Nf3 cxd4 25. Nxd4 Nc5 26. Qg3 Ne4 27. Qf3 Nc6 28. Nxc6 Qxc6 29. Bd4 Kf7 30. h4 Ke7 31. h5 Kd7 32. Rc2 Qa4 33. b3 Qxd4 34. cxd4 Rxc2 35. Rg2 Rc3 36. Qe2 Rfc8 37. Qb5+ R8c6 38. hxg6 hxg6 39. Kh2 Kc7 40. Qb4 Kb7 41. Qe7+ Rc7 42. Qxe6 Rh7+ 0-1

[Event "ESP-chT Autonomicas 5th"]
[Site "Tossa de Mar"]
[Date "2010.05.02"]
[Round "6.13"]
[White "Navarro Cia, Miguel"]
[Black "Romero Holmes, Alfonso"]
[Result "0-1"]
[WhiteElo "2326"]
[BlackElo "2515"]
[PlyCount "68"]
[EventDate "2010.04.29"]
[EventType "team-swiss"]
[EventRounds "6"]
[EventCountry "ESP"]
[SourceTitle "CBM 136 Extra"]
[Source "ChessBase"]
[SourceDate "2010.07.02"]
[SourceVersion "2"]
[SourceVersionDate "2010.07.15"]
[SourceQuality "1"]
[WhiteTeam "Navarra"]
[BlackTeam "Catalunya"]
[WhiteTeamCountry "ESP"]
[BlackTeamCountry "ESP"]

1. e4 c5 2. Nf3 Nc6 3. d4 cxd4 4. Nxd4 Nf6 5. Nc3 d6 6. g3 g6 7. Bg2 Bg4 8. f3 Bd7 9. 0-0 Bg7 10. Be3 Rc8 11. a4 a6 12. Qd2 0-0 13. Kh1 Re8 14. Nxc6 bxc6 15. a5 c5 16. Qe2 Rb8 17. Qxa6 Rxb2 18. Rfc1 Ng4 19. Bd2 Nf2+ 20. Kg1 Bd4 21. Ne2 Bb5 22. Qxb5 Rxb5 23. Nxd4 Nxe4 24. Nxb5 Nxd2 25. f4 Qb8 26. a6 Qxb5 27. a7 Qb2 28. a8Q Rxa8 29. Rxa8+ Kg7 30. Raa1 Nc4 31. Rab1 Qd4+ 32. Kh1 Ne3 33. c4 Nxc4 34. Rd1 Nd2 0-1

[Event "ESP-chT Autonomicas 5th"]
[Site "Tossa de Mar"]
[Date "2010.04.29"]
[Round "1.23"]
[White "Navarro Cia, Miguel"]
[Black "Almagro Llamas, Pablo"]
[Result "1/2-1/2"]
[WhiteElo "2326"]
[BlackElo "2450"]
[PlyCount "88"]
[EventDate "2010.04.29"]
[EventType "team-swiss"]
[EventRounds "6"]
[EventCountry "ESP"]
[SourceTitle "CBM 136 Extra"]
[Source "ChessBase"]
[SourceDate "2010.07.02"]
[SourceVersion "2"]
[SourceVersionDate "2010.07.15"]
[SourceQuality "1"]
[WhiteTeam "Navarra"]
[BlackTeam "Madrid"]
[WhiteTeamCountry "ESP"]
[BlackTeamCountry "ESP"]

1. e4 c6 2. d4 d5 3. Nd2 dxe4 4. Nxe4 Bf5 5. Ng3 Bg6 6. h4 h6 7. Nf3 Nf6 8. Ne5 Bh7 9. Bd3 Bxd3 10. Qxd3 e6 11. Bd2 Bd6 12. f4 Nbd7 13. 0-0-0 Qc7 14. Ne2 h5 15. Rhf1 Rd8 16. Nxd7 Rxd7 17. f5 e5 18. Bg5 Kd8 19. Nc3 Kc8 20. Bxf6 gxf6 21. Qf3 exd4 22. Rxd4 Be5 23. Rxd7 Qxd7 24. Rd1 Qe7 25. Ne4 Rg8 26. Kb1 Rg4 27. Nf2 Rxh4 28. Nd3 Rg4 29. Qf2 Bd4 30. Qd2 c5 31. Qh6 Rg8 32. Re1 Qd7 33. Qxh5 c4 34. Nc1 Be5 35. Qe2 Qc6 36. g4 Kb8 37. c3 Rh8 38. Qe4 Qb5 39. Ne2 Rd8 40. Nd4 Bxd4 41. cxd4 c3 42. b3 Qb4 43. d5 Qc5 44. Rc1 Qxd5 1/2-1/2

[Event "Pamplona op"]
[Site "Pamplona"]
[Date "2008.12.29"]
[Round "9"]
[White "Huerga Leache, Mikel"]
[Black "Navarro Cia, Miguel"]
[Result "1-0"]
[WhiteElo "2417"]
[BlackElo "2318"]
[PlyCount "105"]
[EventDate "2008.12.22"]
[EventType "swiss"]
[EventRounds "9"]
[EventCountry "ESP"]
[SourceTitle "CBM 127 Extra"]
[Source "ChessBase"]
[SourceDate "2009.01.08"]
[SourceVersion "2"]
[SourceVersionDate "2009.01.28"]
[SourceQuality "1"]

1. e4 c5 2. Nf3 Nc6 3. d4 cxd4 4. Nxd4 Qc7 5. Nc3 e6 6. Be3 a6 7. Be2 Nf6 8. 0-0 Bb4 9. Na4 0-0 10. Nxc6 bxc6 11. Nb6 Rb8 12. Nxc8 Rfxc8 13. Bxa6 Rf8 14. Bd3 Bd6 15. g3 Be5 16. a4 Bxb2 17. Ra2 Qa5 18. Bd2 Bc3 19. Bxc3 Qxc3 20. a5 d5 21. Qe1 Qd4 22. exd5 exd5 23. a6 Rfe8 24. a7 Ra8 25. Qa1 Qg4 26. Re1 Rxe1+ 27. Qxe1 Qd7 28. Qa5 Qb7 29. Qa6 Qxa6 30. Rxa6 Ne8 31. Bf5 Nc7 32. Rb6 Kf8 33. Rb8+ Ke7 34. Rxa8 Nxa8 35. Bc8 Kd6 36. Bb7 Nc7 37. a8Q Nxa8 38. Bxa8 c5 39. Kf1 d4 40. Be4 g6 41. h4 h6 42. Bd3 Kd5 43. Bb5 g5 44. Be8 Ke6 45. Ke2 c4 46. Kf3 f5 47. hxg5 hxg5 48. g4 d3 49. cxd3 cxd3 50. Bg6 fxg4+ 51. Kxg4 d2 52. Bc2 Kf6 53. f3 1-0